Loading...
| Social Science | 0 | 2 | 0 | 1 | 20 | 53 | 73.50 | 1 | 1 | 7.42 | 22.22 |
| Science - Physics | 0 | 2 | 0 | 0 | 20 | 39 | 47.50 | 0 | 2 | 9.78 | 10.23 |
| Literature - British | 0 | 2 | 0 | 0 | 20 | 64 | 69.50 | 0 | 1 | 6.92 | 11.04 |
| Science - Other | 0 | 2 | 1 | 0 | 15 | 53 | 54.00 | 0 | 0 | 9.33 | 9.09 |
| Fine Arts - Other | 0 | 2 | 1 | 0 | 15 | 54 | 63.00 | 1 | 1 | 7.64 | 9.09 |
| Pop Culture | 0 | 1 | 0 | 0 | 10 | 59 | 59.00 | 0 | 1 | 9.65 | 15.00 |
| Painting/Sculpture | 0 | 1 | 0 | 0 | 10 | 106 | 106.00 | 0 | 1 | 0.08 | 6.82 |
| Current Events | 0 | 1 | 0 | 0 | 10 | 42 | 42.00 | 0 | 0 | 12.08 | 12.50 |
| Science - Biology | 0 | 1 | 1 | 0 | 5 | 84 | 84.00 | 0 | 0 | 1.53 | 2.27 |
| Religion | 0 | 0 | 1 | 0 | -5 | 0.00 | 0 | 0 | 0.00 | 0.00 | |
| History - World | 0 | 0 | 1 | 0 | -5 | 0.00 | 0 | 0 | 0.00 | 0.00 |